| 000 | 01029nam a2200229Ia 4500 | ||
|---|---|---|---|
| 001 | L301-56989 | ||
| 003 | IT-CnALBA | ||
| 008 | 170116s9999||||xx |||||||||||||| ||und|| | ||
| 040 |
_aIT-CnALBA _cIT-CnALBA |
||
| 041 | _aITALIANO | ||
| 100 | _aTOMMASI DAMIANO | ||
| 245 | 0 | _aANCHE UN POLIZIOTTO HA UN CUORE. DAL QUADERNO DEL MARESCIALLO DEI POVERI. | |
| 250 | _a1a ed. | ||
| 260 |
_a UDINE _bSEGNO, EDIZIONI _c2001 [1° Ed.:2001 - Ed.Ling.Originale: 2001] |
||
| 300 | _a206 p. | ||
| 500 | _aBARLUME DI BONTÀ. IL NONNO ALPINO DEI POVERI. UN TOZZO DI PANE AFRICANO. UN POLIZIOTTO NON È SOLTANTO UNA FREDDA RAZIONALITÀ MA È ANCHE SENTIMENTO, CUORE. | ||
| 501 | _aSocietà San Paolo EM - Piazza San Paolo, 14 - 12051 ALBA (CN) (non commercial uses only) ® Copyright 2017 | ||
| 520 | _aBARLUME DI BONTÀ. IL NONNO ALPINO DEI POVERI. UN TOZZO DI PANE AFRICANO. UN POLIZIOTTO NON È SOLTANTO UNA FREDDA RAZIONALITÀ MA È ANCHE SENTIMENTO, CUORE. | ||
| 650 | _aSCIENZE SOCIALI | ||
| 942 | _cBK | ||
| 957 | _71 | ||
| 999 |
_a74489 _bNO _g Copie: 1 _c315824 _d315824 |
||